00879cam a2200301 i 45000010008000000030009000080050017000170070008000340080040000420150006000820170009000880200015000970350006001120400028001180800006001460820026001522450022001782600048002003000027002484900012002755900026002876500024003136500036003379100041003739420012004149520134004269990017005600000850DO-SdBPM20250528111055.00000850100514s 2007 sp a | |||| 000 f spa  a  a b  a8466200002 a  aDO-SdBPMbspacBPMSUe  a  a808.83bC395 200722203aLa Cenicienta h  aMadrid, España :bEditorial Libsa,c2007. a[16] p.: bil.c24 cm.0 aTopacio aInventariado, 2025/VM 4aCuentos infantiles  4aLibros ilustrados para niños  aVMateo V. Control de calidad. BPMSU  2ddccBK 00102ddc40708CI-GaBPMETbBPMETd2016-12-02e FUNDIl0oBPMSU CGI 808.83 C395 2007pBPMSU16120050r2016-12-02w2016-12-02yBK c12222d12222